000 00671nam a22001817a 4500
003 UA-OsUOA
001 17917
007 ta
008 20040404b un ||||| |||| 00| 0 ukr d
100 _aБашук В.П.
942 _cSA
040 _aUA-OsUOA
_cUA-OsUOA
_dUA-OsUOA
245 _aПріоритетні напрями роботи податківців Рівненщини: [Інтерв'ю з новим кер. податк. служби Рівненщини В.П. Башуком]
300 _aС.3
955 _a0
773 0 _w0
_tВісті Рівненщини
_dРівне
_d2004
_g№28/24 берез./
650 7 _aКраєзнавча робота
_2UDC
999 _c304086
_d304086